|
|
|
|
| LEADER |
00710cam a2200217ua 4500 |
| 001 |
11034 |
| 005 |
20150705131209.0 |
| 007 |
ta |
| 008 |
070709s g b000 u eng u |
| 020 |
|
|
|c Rs.90.00
|
| 041 |
1 |
|
|a eng
|
| 082 |
1 |
4 |
|a 338.7
|b MIS/B
|
| 100 |
1 |
|
|a Misra, S K .
|
| 245 |
1 |
0 |
|a Business economics: theory of value and public finance /
|c S K Misra and V K Puri.
|h Textual Documents
|
| 260 |
|
|
|a Mumbai :
|b Himalaya Publishing House ,
|c 2003.
|
| 300 |
|
|
|a 658p ;
|
| 365 |
|
|
|a Rs.90.00
|
| 541 |
|
|
|e MB00263
|h Rs.90.00
|
| 650 |
|
0 |
|a Business economics
|
| 999 |
|
|
|c 34226
|d 34226
|
| 952 |
|
|
|0 0
|1 0
|4 0
|6 338_700000000000000_MIS_B
|7 0
|9 43823
|a KU
|b KU
|d 2015-07-05
|l 0
|o 338.7 MIS/B
|p MB00263
|r 2020-12-24
|w 2015-07-05
|y BK
|